01258nam a2200313Ia 450000500170000000800410001702000150005804100080007310000260008124500800010725000310018730000320021849000460025065000440029665000320034065000310037265000360040370000370043994200120047626400470048833600270053533700330056233800280059504000350062308400120065899900150067095201320068595201270081720220316235442.0121119s2004 ck a gr 000 0 spa  a95805045710 aspa1 aUhia Pinilla, Agustin10aMitos y leyendas colombianas cAgustin Uhia ; ilustraciones de Alma Arriaga aDécima tercera edición a32 páginasbilustraciones0 aBiblioteca de apoyo escolar y comunitario14aAnimales mitológicos xLeyenda 2LEMB14aLeyendas colombianas 2LEMB14aLiteratura infantil 2LEMB14aPersonajes mitológicos 2LEMB1 aArriaga, Almadilustrador937590 2loccBK aBogotábEducar Cultural Recreativac2004 atextobtxt2rdacontent asin mediaciónbn2rdamedia avolumenbnc2rdacarrier aCO-BoRNBPbspaerdacCO-BoRNBP aLM UHI1 c1002d1002 00102ddc40708INFaMEGUAMALbMEGUAMALcSInfd2023-02-20l0oLM UHI1pGUA001592r2023-02-20 00:00:00tEj.1w2023-02-20yBKINF 00102ddc40708INFaMECASTILbMECASTILcSInfd2023-09-20l0oLM UHI1pEC01576r2023-09-20 20:49:57tEj.1w2023-09-20yBK